Inductory Plant Biology /
Na minha lista:
| Autor principal: | |
|---|---|
| Formato: | Sách giấy |
| Idioma: | English |
| Publicado em: |
Dubuque, Iowa :
Wm. C. Brown,
1997
|
| Tags: |
Adicionar Tag
Sem tags, seja o primeiro a adicionar uma tag!
|
| Thư viện lưu trữ: | Thư viện Trường Đại học Đà Lạt |
|---|
| LEADER | 00535nam a2200229 4500 | ||
|---|---|---|---|
| 001 | DLU020000591 | ||
| 005 | ##12/23/1998 | ||
| 041 | # | # | |a eng |
| 082 | # | # | |a 570 |b ST-K |
| 100 | # | # | |a Stern, Kingsley R. |
| 245 | # | # | |a Inductory Plant Biology / |c Kingsley R. Stern |
| 260 | # | # | |a Dubuque, Iowa : |b Wm. C. Brown, |c 1997 |
| 300 | # | # | |a X, 570 tr.; |c 27 cm. |
| 992 | # | # | |a 278120 |
| 994 | # | # | |a DLU |
| 900 | # | # | |a False |
| 911 | # | # | |a Administrator |
| 925 | # | # | |a G |
| 926 | # | # | |a A |
| 927 | # | # | |a SH |
| 980 | # | # | |a Thư viện Trường Đại học Đà Lạt |